| 000 | 00609nam a2200193 i 4500 | ||
|---|---|---|---|
| 001 | 42791 | ||
| 003 | ES-MaACL | ||
| 007 | t| | ||
| 008 | 030314s1984 sp ||||1| spa d | ||
| 100 | 0 |
_aCerezo Galán, Pedro, _d1935- _937504 |
|
| 245 | 1 | 3 |
_aLa voluntad de aventura _b: aproximamiento crítico al pensamiento de Ortega y Gasset / _cPedro Cerezo Galán. |
| 250 | _a1ª ed. | ||
| 260 |
_aBarcelona : _bAriel, _c[1984] |
||
| 300 |
_a435 p. ; _c21 cm. |
||
| 490 | 1 | _aAriel filosofía | |
| 830 | 0 |
_aAriel filosofía _9178145 |
|
| 852 |
_aES-MaACL _jL-7818 _bR.108308 |
||
| 999 |
_c42791 _d42791 |
||